Statistics for U.S. Governors Quiz #1

Click here to take the quiz!

General Stats

  • This quiz has been taken 90 times
  • The average score is 14 of 32

Answer Stats

StateYearsGovernor% Correct
California2003-2011Arnold Schwarzenegger
95%
Alaska2006-2009Sarah Palin
80%
Florida1999-2007Jeb Bush
72%
California1967-1975Ronald Reagan
72%
New Jersey2010-2018Chris Christie
68%
California2019-Gavin Newsom
68%
Florida2019-Ron DeSantis
67%
California2011-2019Jerry Brown
66%
Indiana2013-2017Mike Pence
65%
New Jersey1911-1913Woodrow Wilson
58%
Alabama1983-1987George Wallace
56%
Minnesota1999-2003Jesse Ventura
56%
Massachusetts1794-1797Samuel Adams
54%
Massachusetts2003-2007Mitt Romney
52%
Florida2011-2019Rick Scott
46%
Ohio2019-Mike DeWine
41%
South Carolina2011-2017Nikki Haley
39%
Ohio2011-2019John Kasich
37%
Washington2013-Jay Inslee
33%
Illinois2003-2009Rod Blagojevich
32%
Tennessee1853-1857Andrew Johnson
30%
Vermont1991-2003Howard Dean
30%
Massachusetts1983-1991Michael Dukakis
29%
Colorado2011-2019John Hickenlooper
28%
Ohio1892-1896William McKinley
28%
Massachusetts1919-1921Calvin Coolidge
25%
California1943-1953Earl Warren
25%
West Virginia1977-1985Jay Rockefeller
22%
Illinois1999-2003George Ryan
18%
Massachusetts1787-1793John Hancock
15%
Tennessee1979-1987Lamar Alexander
15%
Illinois1949-1953Adlai Stevenson
14%

Score Distribution

Percentile by Number Answered

Percent of People with Each Score

Your Score History

You have not taken this quiz